ბათუმის შოთა რუსთაველის სახელმწიფო უნივერსიტეტის ბიბლიოთეკა

Penn Clinical Manual of Urology: (ბიბ.ჩანაწერი № 61782)

000 -LEADER
fixed length control field 00710nam a22002057a 4500
005 - DATE AND TIME OF LATEST TRANSACTION
control field 20240502122845.0
008 - FIXED-LENGTH DATA ELEMENTS--GENERAL INFORMATION
fixed length control field 240502s2007 enk||||| |||| 00| 0 eng d
020 ## - INTERNATIONAL STANDARD BOOK NUMBER
International Standard Book Number 9781416038481x
041 ## - LANGUAGE CODE
Language code of text/sound track or separate title eng
080 ## - UNIVERSAL DECIMAL CLASSIFICATION NUMBER
Universal Decimal Classification number 616.6 H-22
100 ## - MAIN ENTRY--PERSONAL NAME
Personal name Hanno, Philip M.
9 (RLIN) 22042
245 ## - TITLE STATEMENT
Title Penn Clinical Manual of Urology:
Remainder of title Expert Consult - Online and Print /
Statement of responsibility, etc. Philip M Hanno, S. Bruce Malkowicz, Alan J. Wein.
264 ## - PRODUCTION, PUBLICATION, DISTRIBUTION, MANUFACTURE, AND COPYRIGHT NOTICE
Place of production, publication, distribution, manufacture Philadelphia :
Name of producer, publisher, distributor, manufacturer Saunders,
Date of production, publication, distribution, manufacture, or copyright notice 2007.
300 ## - PHYSICAL DESCRIPTION
Extent 986 p.:
Other physical details ill.;
Dimensions 20 cm.
653 ## - INDEX TERM--UNCONTROLLED
keyword უროლოგია
653 ## - INDEX TERM--UNCONTROLLED
keyword მედიცინა
700 ## - ADDED ENTRY--PERSONAL NAME
Personal name Malkowicz, S. Bruce
Relator term ავტორი
9 (RLIN) 22043
700 ## - ADDED ENTRY--PERSONAL NAME
Personal name Wein, Alan J.
Relator term ავტორი
9 (RLIN) 22044
942 ## - ADDED ENTRY ELEMENTS (KOHA)
Source of classification or shelving scheme
Koha item type წიგნი
ეგზემპლარები
Withdrawn status Lost status Source of classification or shelving scheme Damaged status Not for loan Permanent Location Current Location Shelving location Date acquired Cost, normal purchase price Full call number Barcode Date last seen Copy number Price effective from Koha item type Public note
          ბათუმის შოთა რუსთაველის სახელმწიფო უნივერსიტეტის მთავარი ბიბლიოთეკა ბათუმის შოთა რუსთაველის სახელმწიფო უნივერსიტეტის მთავარი ბიბლიოთეკა წიგნსაცავი 2024-05-02 167.20 616.6 H-22 67944 2024-05-02 67944 2024-05-02 წიგნი 167 ლ. 20 თ.